Handbook of economic growth /
"The Handbook of Economic Growth provides a broad review of the research topics, empirical findings, and methods that comprise modern growth economics. The chapters, written by research leaders, summarize and evaluate recent advances while explaining where further research might be profitable....
Saved in:
| Other Authors: | , |
|---|---|
| Format: | Book |
| Language: | English |
| Published: |
Amsterdam :
Elsevier,
2005.
|
| Series: | Handbooks in economics ;
bk. 22. |
| Subjects: | |
| Tags: |
Add Tag
No Tags, Be the first to tag this record!
|
| LEADER | 05790cam a2200421 a 4500 | ||
|---|---|---|---|
| 001 | 009854883-2 | ||
| 005 | 20061114180610.0 | ||
| 008 | 060120s2005 ne a bf 001 0 eng d | ||
| 020 | |a 0444520414 (v. 1A : hd.bd.) | ||
| 020 | |a 0444520430 (v. 1B : hd.bd.) | ||
| 020 | |a 0444508376 (set: hd.bd.) | ||
| 029 | 0 | |a OHX |b har055021062 | |
| 029 | 1 | |a NLGGC |b 265457483 | |
| 035 | 0 | |a ocm63127462 | |
| 040 | |a OHX |c OHX |d IWA |d ZCU |d BAKER |d NDD |d NLGGC | ||
| 050 | 4 | |a HD75.5 |b .H35 2005 | |
| 072 | 7 | |a HD |2 lcco | |
| 072 | 7 | |a HB |2 lcco | |
| 084 | |a 83.33 |2 bcl | ||
| 245 | 0 | 0 | |a Handbook of economic growth / |c edited by Philippe Aghion and Steven N. Durlauf. |
| 260 | |a Amsterdam : |b Elsevier, |c 2005. | ||
| 300 | |a 2 v. (xxviii, 1821, 46 p.) : |b ill. ; |c 25 cm. | ||
| 490 | 1 | |a Handbooks in economics, |x 0169-7218 ; |v 22 | |
| 504 | |a Includes bibliographical references and indexes. | ||
| 505 | 0 | |a v. 1A. Reflections on growth theory / Robert M. Solow -- Neoclassical models of endogenous growth : the effects of fiscal policy, innovation and fluctuations / Larry E. Jones and Rodolfo E. Manuelli -- Growth with quality-improving innovations : an integrated framework / Philippe Aghion and Peter Howitt -- Horizontal innovation in the theory of growth and development / Gino Gancia and Fabrizio Zilibotti -- From stagnation to growth : unified growth theory / Oded Galor -- Poverty traps / Costas Azariadis and John Stachurski -- Institutions as a fundamental cause of long-run growth / Daron Acemoglu, Simon Johnson and James A. Robinson -- Growth theory through the lens of development economics / Abhijit V. Banerjee and Esther Duflo -- Growth econometrics / Steven N. Durlauf, Paul A. Johnson and Jonathan R.W. Temple -- Accounting for cross-country income differences / Francesco Caselli -- Accounting for growth in the information age / Dale W. Jorgenson -- Externalities and growth / Peter J. Klenow and Andrés Rodríguez-Clare -- Finance and growth : theory and evidence / Ross Levine -- Human capital and technology diffusion / Jess Benhabib and Mark M. Spiegel -- Growth strategies / Dani Rodrik -- National policies and economic growth : a reappraisal / William Easterly -- | |
| 505 | 0 | |a v. 1B. Growth and ideas / Charles I. Jones -- Long-term economic growth and the history of technology / Joel Mokyr -- General purpose technologies / Boyan Jovanovic and Peter L. Rousseau -- Technological progress and economic transformation / Jeremy Greenwood and Ananth Seshadri -- The effects of technical change on labor market inequalities / Andreas Hornstein, Per Krusell and Giovanni L. Violante -- A unified theory of the evolution of international income levels / Stephen L. Parente and Edward C. Prescott -- A global view of economic growth / Jaume Ventura -- Trade, growth and the size of countries / Alberto Alesina, Enrico Spolaore and Romain Wacziarg -- Urbanization and growth / J. Vernon Henderson -- Inequality, technology and the social contract / Roland Bénabou -- Social capita / Steven N. Durlauf and Marcel Fafchamps -- The effect of economic growth on social structures / François Bourguignon -- Economic growth and the environment : a review of theory and empirics / William A. Brock and M. Scott Taylor -- | |
| 505 | 0 | |a v. 2A. Culture, entrepreneurship, and growth / Matthias Doepke and Fabrizio Zilibotti -- Trust, growth, and well-being : new evidence and policy implications / Yann Algan and Pierre Cahuc -- Long-term barriers to economic development / Enrico Spolaore and Romain Wacziarg -- Family ties / Alberto Alesina and Paola Giuliano -- The industrial revolution / Gregory Clark -- Twentieth century growth / Nicholas Crafts and Kevin Hjorsthøj O'Rourke -- Historical development / Nathan Nunn -- Institutions and economic growth in historical perspective / Sheilagh Ogilvie and A.W. Carus -- | |
| 505 | 0 | |a v. 2B. What do we learn from Schumpeterian growth theory? / Philippe Aghion, Ufuk Akcigit, and Peter Howitt -- Technology diffusion : measurement, causes, and consequences / Diego Colmin and Martí Mestieri -- Health and economic growth / David N. Weil -- Regional growth and regional decline / Holger Breinlich, Gianmarco I.P. Ottaviano, and Jonathan R.W. Temple -- The growth of cities / Gilles Duranton and Diego Puga -- Growth and structural transformation / Berthold Herrendorf, Richard Rogerson, and Ákos Valentinyi -- The Chinese growth miracle / Yang Yao -- Growth from globalization? : a view from the very long run / Christopher M. Meissner. | |
| 520 | |a "The Handbook of Economic Growth provides a broad review of the research topics, empirical findings, and methods that comprise modern growth economics. The chapters, written by research leaders, summarize and evaluate recent advances while explaining where further research might be profitable. With analyses that are provocative and controversial because they are so directly relevant to public policy and private decision-making, volume 2A and 2B upholds the standard for excellence in applied economics set by Volumes 1A and 1B (2005). It offers definitive theoretical and empirical scholarship about growth economics. It presents as a guiding principle the search for a theoretical framework consistent with the theories and data that describe growth economics. It familiarizes readers with common empirical methods and empirical results"--provided by publisher. | ||
| 650 | 0 | |a Economic development |x Mathematical models. | |
| 650 | 0 | |a Economic development |x Econometric models. | |
| 650 | 1 | 7 | |a Economische groei. |2 gtt |
| 700 | 1 | |a Aghion, Philippe. | |
| 700 | 1 | |a Durlauf, Steven N. | |
| 776 | 0 | 8 | |i Online version: |t Handbook of economic growth. |b 1st ed. |d Amsterdam : Elsevier, 2005- |w (OCoLC)607366863 |
| 830 | 0 | |a Handbooks in economics ; |v bk. 22. | |
| 988 | |a 20060125 | ||
| 906 | |0 OCLC | ||


